Score 0/46 Timer 04:00
27 Plays Today
% Correct
London
91.7%
Dublin
91.4%
Madrid
91.2%
Moscow
90.8%
Rome; Vatican City
90.4%
Athens
90.3%
Paris
90.3%
Lisbon
90.2%
Reykjavik
89.5%
Amsterdam
89.4%
Copenhagen
89.3%
Oslo
89.3%
Stockholm
89%
Monaco
88.7%
Andorra la Vella
87.9%
Brussels
87.3%
Helsinki
87.3%
Ankara
87.2%
San Marino
86.2%
Warsaw
85.6%
Berlin
85.2%
Luxembourg
84.9%
Kyiv
78.1%
% Correct
Bern
77.8%
Nicosia
77.5%
Tallinn
76.5%
Riga
76%
Minsk
75.6%
Prague
74.8%
Valletta
74.3%
Vilnius
71%
Bucharest
69.8%
Ljubljana
68.8%
Sofia
68.6%
Zagreb
68.5%
Tirana
68.5%
Vienna
68.1%
Sarajevo
66.2%
Chisinau
65.7%
Budapest
65%
Vaduz
65%
Belgrade
64.8%
Bratislava
64.5%
Skopje
60.5%
Podgorica
59.6%
Pristina
58.6%
Remove Ads.
Support Sporcle.
Get the best of Sporcle when you Go Orange. This ad-free experience offers more features, more stats, and more fun while also helping to support Sporcle. Thank you for becoming a member.

You're not logged in!

Compare scores with friends on all Sporcle quizzes.
OR
Log In

Show Comments

Extras

Top Quizzes Today


Score Distribution

Your Account Isn't Verified!

In order to create a playlist on Sporcle, you need to verify the email address you used during registration. Go to your Sporcle Settings to finish the process.

Report this User

Report this user for behavior that violates our Community Guidelines.

Details: